| Tag |
First Indicator |
Second Indicator |
Subfields |
| LEADER |
00000cam a2200000 a 4500 |
| 001 |
in00000086039 |
| 005 |
20151008064425.0 |
| 008 |
750423s1974 cau b 00110 eng d |
| 035 |
|
|
|a (OCoLC)01295368
|
| 035 |
|
|
|9 AAK4148AM
|
| 040 |
|
|
|c ELW
|d OCL
|d TXA
|d UtOrBLW
|
| 049 |
|
|
|a TXAM
|c [387904]
|
| 090 |
|
|
|a Z5069
|b .S5
|
| 100 |
1 |
|
|a Shields, Allan.
|
| 245 |
1 |
2 |
|a A bibliography of bibliographies in aesthetics /
|c by Allan Shields.
|
| 264 |
|
1 |
|a San Diego, Calif. :
|b San Diego State University Press,
|c [1974]
|
| 264 |
|
4 |
|c ©1974
|
| 300 |
|
|
|a ix, 79 pages ;
|c 21 cm.
|
| 336 |
|
|
|a text
|b txt
|2 rdacontent
|
| 337 |
|
|
|a unmediated
|b n
|2 rdamedia
|
| 338 |
|
|
|a volume
|b nc
|2 rdacarrier
|
| 500 |
|
|
|a Errata slip inserted.
|
| 500 |
|
|
|a Includes index.
|
| 650 |
|
0 |
|a Aesthetics
|v Bibliography.
|
| 999 |
|
|
|a MARS
|
| 999 |
f |
f |
|s 64606373-7e05-3851-bfb3-22c72fe3519a
|i afa76d14-bf13-31bf-851d-5169d901059e
|t 0
|
| 952 |
f |
f |
|p ric
|a Texas A&M University
|b Rellis Campus
|c Joint Library Facility
|d Remote Storage
|t 0
|e Z5069 .S5
|h Library of Congress classification
|i unmediated -- volume
|m A14806264510
|
| 998 |
f |
f |
|a Z5069 .S5
|t 0
|l Remote Storage
|